MARC details
| 000 -LEADER |
| fixed length control field |
02306cam a2200457 i 4500 |
| 001 - CONTROL NUMBER |
| control field |
14263637 |
| 003 - CONTROL NUMBER IDENTIFIER |
| control field |
EG-ScBUE |
| 005 - DATE AND TIME OF LATEST TRANSACTION |
| control field |
20240529084753.0 |
| 008 - FIXED-LENGTH DATA ELEMENTS--GENERAL INFORMATION |
| fixed length control field |
060213t2006 caua f b 001 0 eng d |
| 020 ## - INTERNATIONAL STANDARD BOOK NUMBER |
| International Standard Book Number |
0804752966 (cloth : alk. paper) |
| 020 ## - INTERNATIONAL STANDARD BOOK NUMBER |
| International Standard Book Number |
9780804752961 |
| 035 ## - SYSTEM CONTROL NUMBER |
| System control number |
(OCoLC)ocm64098454 |
| 040 ## - CATALOGING SOURCE |
| Original cataloging agency |
DLC |
| Language of cataloging |
eng |
| Description conventions |
rda |
| Transcribing agency |
DLC |
| Modifying agency |
DLC |
| -- |
BAKER |
| -- |
UKM |
| -- |
C#P |
| -- |
EG-ScBUE |
| 041 1# - LANGUAGE CODE |
| Language code of text/sound track or separate title |
eng |
| Language code of original and/or intermediate translations of text |
heb |
| 043 ## - GEOGRAPHIC AREA CODE |
| Geographic area code |
a-is--- |
| -- |
ma----- |
| 082 04 - DEWEY DECIMAL CLASSIFICATION NUMBER |
| Classification number |
956.9405 |
| Edition number |
22 |
| Item number |
SHE |
| 100 1# - MAIN ENTRY--PERSONAL NAME |
| Personal name |
Shenhav, Yehouda A., |
| Relator term |
author. |
| 240 10 - UNIFORM TITLE |
| Uniform title |
<a href="Yehudim-ha-'Arvim.">Yehudim-ha-'Arvim.</a> |
| Language of a work |
English |
| 245 14 - TITLE STATEMENT |
| Title |
The Arab Jews : |
| Remainder of title |
a postcolonial reading of nationalism, religion, and ethnicity / |
| Statement of responsibility, etc |
Yehouda Shenhav. |
| 264 #1 - PUBLICATION, DISTRIBUTION, ETC. (IMPRINT) |
| Place of publication, distribution, etc |
Stanford, Calif. : |
| Name of publisher, distributor, etc |
Stanford University Press, |
| Date of publication, distribution, etc |
[2006] |
| 264 #4 - PUBLICATION, DISTRIBUTION, ETC. (IMPRINT) |
| Date of publication, distribution, etc |
c2006 |
| 300 ## - PHYSICAL DESCRIPTION |
| Extent |
xiv, 263 pages : |
| Other physical details |
illustrations ; |
| Dimensions |
24 cm |
| 336 ## - CONTENT TYPE |
| Source |
rdacontent |
| Content type term |
text |
| Content type code |
txt |
| 337 ## - MEDIA TYPE |
| Media type term |
unmediated |
| Source |
rdamedia |
| Media type code |
n |
| 338 ## - CARRIER TYPE |
| Carrier type term |
volume |
| Carrier type code |
nc |
| Source |
rdacarrier |
| 504 ## - BIBLIOGRAPHY, ETC. NOTE |
| Bibliography, etc |
Includes bibliographical references and index. |
| 505 0# - FORMATTED CONTENTS NOTE |
| Formatted contents note |
The "discovery" of the Arab Jews -- Encounter in Abadan : colonialism, Eurocentrism, and Jewish Orientalism -- How did the Arab Jews become religious and Zionist? -- What do the Arab Jews and the Palestinians have in common? : population exchange, the right of return, and the politics of reparations -- The Arab Jews and Zionist historical memory. |
| 546 ## - LANGUAGE NOTE |
| Language note |
Text in English ; translated from the original Hebrew.<br/> |
| 650 #7 - SUBJECT ADDED ENTRY--TOPICAL TERM |
| Topical term or geographic name as entry element |
Jews, Oriental |
| General subdivision |
Cultural assimilation |
| Geographic subdivision |
Israel. |
| Source of heading or term |
BUEsh |
| 650 #7 - SUBJECT ADDED ENTRY--TOPICAL TERM |
| Topical term or geographic name as entry element |
Jews |
| Geographic subdivision |
Arab countries |
| General subdivision |
Migrations. |
| Source of heading or term |
BUEsh |
| 650 #7 - SUBJECT ADDED ENTRY--TOPICAL TERM |
| Topical term or geographic name as entry element |
Politics and culture. |
| Source of heading or term |
BUEsh |
| 650 #7 - SUBJECT ADDED ENTRY--TOPICAL TERM |
| Topical term or geographic name as entry element |
Ethnicity |
| Geographic subdivision |
Israel. |
| Source of heading or term |
BUEsh |
| 651 #7 - SUBJECT ADDED ENTRY--GEOGRAPHIC NAME |
| Geographic name |
Israel |
| General subdivision |
Emigration and immigration. |
| Source of heading or term |
BUEsh |
| 651 #7 - SUBJECT ADDED ENTRY--GEOGRAPHIC NAME |
| Geographic name |
Israel |
| General subdivision |
Ethnic relations. |
| Source of heading or term |
BUEsh |
| 655 ## - INDEX TERM--GENRE/FORM |
| Form subdivision |
Reading book |
| 856 41 - ELECTRONIC LOCATION AND ACCESS |
| Materials specified |
Table of contents only |
| Uniform Resource Identifier |
<a href="http://www.loc.gov/catdir/toc/ecip068/2006004889.html">http://www.loc.gov/catdir/toc/ecip068/2006004889.html</a> |
| 856 42 - ELECTRONIC LOCATION AND ACCESS |
| Materials specified |
Publisher description |
| Uniform Resource Identifier |
<a href="http://www.loc.gov/catdir/enhancements/fy0710/2006004889-d.html">http://www.loc.gov/catdir/enhancements/fy0710/2006004889-d.html</a> |
| 856 42 - ELECTRONIC LOCATION AND ACCESS |
| Materials specified |
Contributor biographical information |
| Uniform Resource Identifier |
<a href="http://www.loc.gov/catdir/enhancements/fy0710/2006004889-b.html">http://www.loc.gov/catdir/enhancements/fy0710/2006004889-b.html</a> |
| 942 ## - ADDED ENTRY ELEMENTS (KOHA) |
| Source of classification or shelving scheme |
Dewey Decimal Classification |
| Koha item type |
NB - Book (Non borrowing) |